| 000 | 01584nam a22003257a 4500 | ||
|---|---|---|---|
| 001 | 4421 | ||
| 003 | FISKH | ||
| 005 | 20260327104730.0 | ||
| 008 | 240904b cb ||||| |||| 00| 0 eng d | ||
| 020 | _a9789995054106 | ||
| 040 |
_aFISKH _cFISKH _dFISKH _bKhmer |
||
| 050 | _aPZ7 | ||
| 082 | _a580 | ||
| 100 |
_aDary, Heng _eនាយិកាសមូហកម្ម |
||
| 245 |
_aការដាំត្រកួន / _cហេង ដារី |
||
| 250 | _aEdtion SIPAR 2009 | ||
| 260 |
_aPhnom Penh : _bSipar ; _c2009 . |
||
| 300 |
_a44 pages : _bcolor illustrations ; _c29 cm . |
||
| 490 | _aងាយៗពី ..... | ||
| 505 | _aK | ||
| 520 | _aងាយៗពីការដាំត្រកួន ជាសៀវភៅទីបីដែលបង្ហាញពីរបៀបរៀបចំរង រហូតដល់ការទុកគ្រាប់ពូជ និងមានវិធីធ្វើម្ហូបសាមញ្ញៗ ដោយយកត្រកួនជាបន្លែ សំរាប់បរិភោគក្នុងគ្រួសារ ។ | ||
| 520 | _aEasy to grow morning glory is the third book that shows how to prepare up to the storage of seeds and simple cooking methods using radish as a vegetable for family consumption. | ||
| 521 | 8 |
_a510
_bLexile estimate |
|
| 521 | 8 |
_aK
_bRaz-Plus |
|
| 650 |
_aត្រកួន _vគ្រាប់ពូជ |
||
| 650 |
_amorning glory _vseed |
||
| 700 |
_aសុផាលាភ ញឹក _eillustrator |
||
| 942 |
_2ddc _cKHB _n0 |
||
| 999 |
_c4421 _d4421 |
||